Health and counseling psychology (Record no. 396739)

MARC details
000 -LEADER
fixed length control field 00505 a2200193 4500
005 - DATE & TIME
control field 20260417115446.0
008 - FIXED-LENGTH DATA ELEMENTS--GENERAL INFORMATION
fixed length control field 260416b |||||||| |||| 00| 0 eng d
020 ## - ISBN
International Standard Book Number 9781835359969
Price £ 160.00
040 ## - CATALOGING SOURCE
Original cataloging agency VIVEKANANDA LIBRARY
082 ## - DDC NUMBER
Classification number 158.3
Book Number M127H
100 ## - MAIN ENTRY--PERSONAL NAME
Personal name Mccarthy, Samuel
245 ## - TITLE STATEMENT
Title Health and counseling psychology
260 ## - PUBLICATION, DISTRIBUTION, ETC. (IMPRINT)
Name of publisher, distributor, etc ED-Tech Press
Date of publication, distribution, etc 2024
Place of publication, distribution, etc United Kingdom
300 ## - PHYSICAL DESCRIPTION
Pages x, 268
650 ## - Subject
Subject Psychology
650 ## - Subject
Subject Health Psychology
650 ## - Subject
Subject Clinical Psychology
942 ## - ADDED ENTRY ELEMENTS (KOHA)
Koha item type Books
Holdings
Withdrawn status Lost status Source of classification or shelving scheme Damaged status Not for loan Location (home branch) Sublocation or collection (holding branch) Shelving location Date acquired Koha issues (times borrowed) Koha full call number Accession No. Koha date last seen Koha item type
    Dewey Decimal Classification     VIVEKANANDA LIBRARY VIVEKANANDA LIBRARY Vivekananda Library 25/03/2026   158.3 M127H 438917 25/03/2026 Books
© Designed and Maintained by Vivekananda Library, MDU Rohtak